| 000 | 00539nam a2200181 a 4500 | ||
|---|---|---|---|
| 001 | 3319 | ||
| 003 | CDMR | ||
| 005 | 20131204123455.0 | ||
| 008 | 130130s1985||||||||||||||||||||||||||||d | ||
| 020 | _a8475850316 | ||
| 040 |
_aCDMR _bcat _cCDMR |
||
| 100 | 1 |
_aMardones, José Maria _92401 |
|
| 245 | 1 | 0 |
_aRazón comunicativa y teoria crítica _b: la fundamentación normativa de la teoria crítica de la sociedad |
| 260 |
_aBilbao _c1985 _bUniversidad del País Vasco |
||
| 300 | _a323 p. | ||
| 650 | 0 | 4 |
_94445 _aTeoria crítica |
| 942 |
_cMON _2udc |
||
| 999 |
_c3319 _d3319 |
||